La información, apoyo básico de la planeación / (Record no. 30652)

MARC details
000 -CABECERA
campo de control de longitud fija 00831nam a2200217 a 4500
005 - FECHA Y HORA DE LA ÚLTIMA TRANSACCIÓN
campo de control 20210223122201.0
008 - ELEMENTOS DE LONGITUD FIJA--INFORMACIÓN GENERAL
campo de control de longitud fija 991125s1980 mx 000 0 spa u
035 ## - NÚMERO DE CONTROL DEL SISTEMA
Número de control de sistema UPN01000030652
049 ## - COLECCIÓN
Colección SEP
050 #4 - SIGNATURA TOPOGRÁFICA DE LA BIBLIOTECA DEL CONGRESO
Número de clasificación LA427.5
Número de documento/Ítem F5.5
111 2# - ASIENTO PRINCIPAL--NOMBRE DE REUNION
Nombre de congreso/reunión o jurisdicción como elemento de entrada Seminario Nacional sobre Planeación y Administración de la Educación Superior
Fecha del congreso/reunión (1980 :
Sede del congreso/Lugar de la reunión Aguascalientes)
9 (RLIN) 29996
245 13 - MENCIÓN DE TÍTULO
Título La información, apoyo básico de la planeación /
Mención de responsabilidad, etc. Sergio Figueroa Balderas.
260 ## - PUBLICACIÓN, DISTRIBUCIÓN, ETC.
Lugar de publicación, distribución, etc. [Aguascalientes] :
Nombre del editor, distribuidor, etc. ANUIES :
-- SEP,
Fecha de publicación, distribución, etc. 1980.
300 ## - DESCRIPCIÓN FÍSICA
Extensión 31 p.
500 ## - NOTA GENERAL
Nota general "Universidad Autónoma de Aguascalientes"
500 ## - NOTA GENERAL
Nota general "Plan Nacional de Educación Superior"
500 ## - NOTA GENERAL
Nota general Fotocopia
650 #4 - ASIENTO SECUNDARIO DE MATERIA - TERMINO TEMATICO
Término de materia o nombre geográfico como elemento de entrada EDUCACION SUPERIOR -
Subdivisión geográfica MEXICO -
Subdivisión general SERVICIOS DE INFORMACION
9 (RLIN) 19885
610 24 - ASIENTO SECUNDARIO DE MATERIA - NOMBRE CORPORATIVO
Nombre de entidad corporativa o nombre de jurisdicción como elemento de entrada PLAN NACIONAL DE EDUCACION SUPERIOR (MEXICO)
9 (RLIN) 24129
905 ## - TIPO DE MATERIAL
Tipo de material Libro
Holdings
Estado de retiro Estado de pérdida Fuente del sistema de clasificación o colocación Estado dañado No para préstamo Código de colección Localización permanente Ubicación/localización actual Ubicación en estantería Fecha de adquisición Clasificación Código de barras Fecha visto por última vez Número de copia Tipo de ítem Koha
    Library of Congress Classification   Coleccion SEP Colección SEP Bib. Gregorio Torres Quintero Bib. Gregorio Torres Quintero Colección SEP 09/05/2023 LA427.5 F5.5 43565 31/12/2020 1 Libro